000 00305nam a2200133 i 4500
001 bg
100 1 _aŻERNICKI, B.
245 0 _aCzuwający mózg izolowany /
_cB. Żernicki.
260 _aWrocław,
_c1986.
040 _cBPK
041 _apol
942 _cKS
008 s pl f |000 0 pol
999 _c23192
_d23192
856 _uhttp://koha.tu.koszalin.pl/cgi-bin/koha/opac-detail.pl?biblionumber=23192
_yKatalog online BPK